| 000 | 00957nam a22001337a 4500 | ||
|---|---|---|---|
| 040 | _cRUA | ||
| 082 | _aLMA PHO 2023 B1-398 Or.1 | ||
| 100 | _aPHOEUN RACHANA ភឿន រចនា | ||
| 245 | _aSTUDY OF STAKEHOLDER PARTICIPATION IN THE TECHNICAL PHASE OF SYSTEMATIC LAND REGISTRAION IN SANGKAT PEAM OKNHA ONG, AREY KSAT CITY, KANDAL PROVINCE ការសិក្សាពីការចូលរួមរបស់អ្នកពាក់ព័ន្ធក្នុងដំណាក់កាលបច្ចេកទេស នៃការចុះបញ្ជីដីធ្លីមានលក្ខណៈជាប្រព័ន្ធនៅសង្កាត់ពាមឧកញ៉ាអុង ក្រុងអរិយក្សត្រ ខេត្តកណ្តាល | ||
| 260 |
_aRUA _bPHNOM PENH _c2023 |
||
| 300 |
_aix _bill _c29cm |
||
| 856 | _uhttps://drive.google.com/file/d/1X_7JQXpuO6VZqSyu7OfArfI4dy0XzKB7/view?usp=sharing | ||
| 942 | _cLMA | ||
| 999 |
_c24914 _d24914 |
||